| 000 | 00425nam a2200169Ia 4500 | ||
|---|---|---|---|
| 005 | 20250507103818.0 | ||
| 008 | 231217s9999 xx 000 0 und d | ||
| 020 | _a9780763752224 | ||
| 082 | _a575.12 LEW3;7 | ||
| 100 | _aLewin, Benjamin | ||
| 245 | 0 | _aGenes IX | |
| 260 |
_c2008 _bJones and Bartlett Publishers _aBoston |
||
| 300 | _axvii+892 | ||
| 500 | _aContent page available | ||
| 650 | _aGenes,IX | ||
| 942 | _cAA | ||
| 999 |
_c184941 _d184941 |
||